000 00958nam a2200217Ia 4500
001 17009
005 20260417141657.0
008 260306t2007||||xx |||||||||||||| ||und||
041 _aESP
082 _a657.42
_bH76 2007
100 _aHorngren, Charles T.
_eAUT
245 0 _aContabilidad de costos:
_bun enfoque gerencial
260 _c2007
650 _aGEN
654 _aCCO
856 _uhttps://itmsp.museknowledge.com/UCSP?url=https://www.ebooks7-24.com:443/?il=3619&pg=1
_zVersión digital (2012)
856 _uhttps://0u213ww7x-y-https-ebooks7--24-com.itmsp.museknowledge.com/biblioteca.aspx
_zVéase además: Base de datos Ebook7-24
856 _uhttps://0u21cww80-y-https-www-legismovil-pe.itmsp.museknowledge.com/interm/InterUCSanPablo.htm
_zVéase además: Base de datos LegisMóvil
856 _uhttps://0u23gww87-y-https-contadores360-pe.itmsp.museknowledge.com/
_zVéase además: Base de datos Contadores 360
942 _cLIB
_dJUS
_fJUS
_2ddc
999 _c17009
_d17009